Statistiques concernant Pierre célèbres

Cliquez ici pour prendre le quiz!

Statistiques générales

  • Ce quiz a été pris 163 fois
  • Le résultat moyen est 10 sur 15

Statistiques - réponses

DescriptifRéponse% Correct
Physicien français lauréat du Prix Nobel de 1903 en compagnie de sa femme.Curie
94%
Dramaturge français ayant écrit Le Cid et Médée.Corneille
85%
Humoriste amateur de scrabble, compère de Muriel Robin et Michèle Laroque.Palmade
85%
Auteur-compositeur-interprète de Les Corons, Elle est d'ailleurs et En l'an 2001.Bachelet
84%
Acteur formant un duo avec Gérard Depardieu dans La Chèvre, Les Compères et Le Fugitif. Richard
84%
Baron à l'origine de la création des Jeux Olympiques modernes.de Coubertin
81%
Français ayant reçu le César du meilleur acteur en 2015 pour sa prestation dans le film Yves Saint Laurent.Niney
77%
Auteur-compositeur-interprète de Les Jolies Colonies de vacances, Tonton Cristobal, La Cage aux oiseaux et Le zizi.Perret
75%
Premier ministre français s'étant suicidé le 1er mai 1993.Bérégovoy
69%
Humoriste du XXème siècle anticonformiste et amateur d'humour noir à qui l'on doit la maxime "On peut rire de tout, mais pas avec tout le monde".Desproges
66%
Poète français du XVIème siècle surnommé "Prince des poètes et poète des princes".de Ronsard
51%
Pilote automobile français ayant remporté le Grand Prix d'Italie de 2020.Gasly
45%
Peintre et graveur d'art abstrait, particulièrement reconnu pour son usage des reflets de la couleur noire.Soulages
44%
Auteur-compositeur-interprète belge né en 2001 connu pour son titre Un jour, je marierai un ange.de Maere
35%
Sociologue français reconnu internationalement, acteur principal de la vie intellectuelle française durant la seconde moitié du XXème siècle.Bourdieu
32%

Distribution des résultats

Percentile par nombre de réponses

% des personnes avec chaque résultat

Votre développement - résultats

Vous n’avez pas pris ce quiz